| 000 | 00580nam a22001937a 4500 | ||
|---|---|---|---|
| 005 | 20251108170832.0 | ||
| 008 | 250721s1997 xx 000 0 ara d | ||
| 082 | 1 | 4 | _a216,8/ماج |
| 100 | 1 | _aأبو رضية، ماجد محمد | |
| 245 | 1 | 0 | _aالحدود في الفقه الإسلامي / |
| 264 | 1 |
_aالكويت : _bمكتبة الفلاح، _c1997. |
|
| 300 | _a231ص | ||
| 650 | 1 | 7 | _aالحدود(شريعة اسلامية |
| 650 | 1 | 7 | _aالكبائر |
| 650 | 1 | 7 | _aالفقه الاسلامي |
| 650 | 1 | 7 | _aالعقوبات |
| 942 |
_2ddc _cBK |
||
| 999 |
_c50116 _d50116 |
||